| 000 | 01076nam0a22002771 4500 | ||
|---|---|---|---|
| 001 | rc\4575463 | ||
| 005 | 20260407192709.0 | ||
| 021 |
_aRU _b68-35853 |
||
| 021 |
_aRU _bРг4488-68 |
||
| 035 | _a(NLR Aleph) 008376070 | ||
| 090 |
_a9088198 _c9088198 |
||
| 100 | _a20130416d1968 |||y0rusy50 ca | ||
| 101 | 0 | _arus | |
| 102 | _aRU | ||
| 105 | _ay z ||||| | ||
| 200 | 1 |
_aМатериалы для пропагандистов правил движения _fСост. капитан милиции А.Ф. Карпова _gГос. автомоб. инспекция УООП Леноблгорисполкомов |
|
| 210 |
_aЛенинград _cБ. и. _d1968 |
||
| 215 |
_a16 с. _d20 |
||
| 300 | _aНа обл. сост. не указан | ||
| 702 | 1 |
_aКарпова _bА.Ф. _4220 |
|
| 712 | 0 | 2 |
_aЛенинградская областная государственная автомобильная инспекция _3RU\NLR\AUTH\8810126233 _9749837 |
| 801 | 0 |
_aRU _bNLR _gpsbo |
|
| 801 | 1 |
_aRU _bELAR _2rusmarc |
|
| 852 |
_aNLR _j68-4/10308 |
||
| 942 | _cBOOK | ||
| 980 | _aNB | ||